| 000 | 01383nam0a2200301 4500 | ||
|---|---|---|---|
| 001 | RU\NLR\bibl\175426 | ||
| 005 | 20240726054656.0 | ||
| 020 |
_aRU-11946 _9Летопись авторефератов диссертаций |
||
| 021 |
_aRU _b98-12737a |
||
| 035 | _a(NLR Aleph) 000172152 | ||
| 090 |
_a992346 _c992346 |
||
| 100 | _a20000615d1998 u u0rusy50 ca | ||
| 101 | 0 | _arus | |
| 102 | _aRU | ||
| 105 | _aa dm ||||| | ||
| 200 | 1 |
_aМинимизация нецелевого воздействия химических веществ на компоненты окружающей среды при проведении специальных авиационных работ _e(На прим. Оренбург. авиапредприятия) _eАвтореф. дис. на соиск. учен. степ. к.т.н. _eСпец. 11.00.11 _f[Оренбург. гос. ун-т] |
|
| 210 |
_aОренбург _d1998 |
||
| 215 |
_a15 с. _cил. _d21 |
||
| 320 | _aБиблиогр.: с. 14 - 15 (12 назв.) | ||
| 610 | 0 | _aТехнические науки - Строительство | |
| 686 |
_a11.00.11 _2oksvnk |
||
| 700 | 1 |
_aПортников _bБ. А. _gБорис Александрович |
|
| 801 | 0 |
_aRU _bRKP _c20000615 _gPSBO |
|
| 801 | 1 |
_aRU _bRKP _c20000615 |
|
| 801 | 2 |
_aRU _bNLR _c20010926 _grcr |
|
| 852 |
_aNLR _jА98/12737 |
||
| 942 | _cBOOK | ||